Philippine folk dances / (Record no. 292161)
[ view plain ]
| 000 -LEADER | |
|---|---|
| fixed length control field | 00468nam a2200181Ia 4500 |
| 008 - FIXED-LENGTH DATA ELEMENTS--GENERAL INFORMATION | |
| fixed length control field | 160319s9999 xx 000 0 und d |
| 050 ## - LIBRARY OF CONGRESS CALL NUMBER | |
| Classification number | 793.3 |
| 050 ## - LIBRARY OF CONGRESS CALL NUMBER | |
| Item number | Aq657p 1953 |
| 100 ## - MAIN ENTRY--PERSONAL NAME | |
| Personal name | Aquino, Francisca Reyes |
| 245 ## - TITLE STATEMENT | |
| Title | Philippine folk dances / |
| 245 ## - TITLE STATEMENT | |
| Statement of responsibility, etc | Francisca Reyes Aquino ; with introduction by Serafin Aquino. |
| 260 ## - PUBLICATION, DISTRIBUTION, ETC. (IMPRINT) | |
| Date of publication, distribution, etc | 1953 |
| 300 ## - PHYSICAL DESCRIPTION | |
| Extent | 119 pages: |
| 300 ## - PHYSICAL DESCRIPTION | |
| Other physical details | v. ill. ; |
| 300 ## - PHYSICAL DESCRIPTION | |
| Dimensions | 27 cm. |
| 650 ## - SUBJECT ADDED ENTRY--TOPICAL TERM | |
| Topical term or geographic name as entry element | Dance-- |
| 650 ## - SUBJECT ADDED ENTRY--TOPICAL TERM | |
| General subdivision | Folklore. |
| Withdrawn status | Lost status | Damaged status | Home library | Current library | Shelving location | Date acquired | Total Checkouts | Full call number | Barcode | Date last seen | Price effective from | Koha item type |
|---|---|---|---|---|---|---|---|---|---|---|---|---|
| Stonyhurst Southville International School (Batangas) | Stonyhurst Southville International School (Batangas) | Filipiniana Section | 03/19/2016 | Fil 793.3 Aq657p 1953 | US 0529 | 03/19/2016 | 03/19/2016 | Books |